00371nam a2200133Ia 4500003000400000008004100004040001600045082001900061100002400080245004900104260004200153650001800195650002400213GCL140319s9999 xx 000 0 eng d aGCL / cGCL04aCHb030.4bW M1 aWALT DISNEY COMPANY10aBOUDDHISME-CHAMPLAIN / cWALT DISNEY COMPANY a[S.N] : bLE LIVRE DE POCHE ، c198104aENCYCLOPEDIES04aFRENCH ENCYCLOPEDIE